[Event "40th Annual World Open"]
[Site "Philadelphia USA"]
[Date "2012.07.08"]
[Round "8"]
[White "Coleman, Teddy"]
[Black "Thaler, Michael"]
[Result "1/2-1/2"]
[WhiteTitle "FM"]
[WhiteElo "2379"]
[BlackElo "2243"]
[WhiteFideId "2022010"]
[BlackFideId "2022141"]
[EventDate "2012.07.03"]
[EventType "swiss"]

1. d4 d5 2. c4 c6 3. Nc3 Nf6 4. e3 e6 5. Nf3 Nbd7 6. Qc2 Bd6 7. Bd3 O-O 8. O-O
dxc4 9. Bxc4 a6 10. Rd1 b5 11. Bd3 Qc7 12. Bd2 Bb7 13. b4 Rfe8 14. Rac1 Rac8 15.
Ne4 Nxe4 16. Bxe4 h6 17. h3 e5 18. Bf5 exd4 19. exd4 Rcd8 20. Be4 Nf6 21. Bxc6
Rc8 22. d5 Nxd5 23. Bxb7 Qxb7 24. Qb3 Nb6 25. Rxc8 Nxc8 26. Bc3 Re2 27. Rd4 Re4
28. Qd1 Rxd4 29. Qxd4 Bf8 30. Ne5 Ne7 31. Nd7 Nd5 32. Nxf8 Nxc3 33. Qd8 Qd5 34.
Nd7+ Kh7 35. Nf8+ Kg8 36. Nd7+ Kh7 37. Qe8 Qd1+ 38. Kh2 Ne2 39. Nf8+ Kg8 40.
Nd7+ Kh7 41. Nf8+ 1/2-1/2

[Event "40th Annual World Open"]
[Site "Philadelphia USA"]
[Date "2012.07.08"]
[Round "9"]
[White "Shulman, Yuri"]
[Black "So, Wesley"]
[Result "1/2-1/2"]
[WhiteTitle "GM"]
[BlackTitle "GM"]
[WhiteElo "2588"]
[BlackElo "2650"]
[WhiteFideId "13500520"]
[BlackFideId "5202213"]
[EventDate "2012.07.03"]
[EventType "swiss"]

1. d4 Nf6 2. c4 e6 3. Nc3 Bb4 4. e3 O-O 5. Bd3 d5 6. Nf3 c5 7. O-O cxd4 8. exd4
dxc4 9. Bxc4 a6 10. Bg5 b5 11. Bb3 Bb7 12. Qe2 Bxc3 13. bxc3 Nbd7 14. Ne5 Qc7
15. Nxd7 Nxd7 16. c4 bxc4 17. Bxc4 Qc6 18. f3 Qd6 19. Qd2 Bd5 20. Be2 Rfc8 21.
Rfc1 Qa3 22. Bf4 Rxc1+ 23. Rxc1 Qxa2 24. Qxa2 Bxa2 25. Ra1 Bd5 26. Rxa6 Rxa6 27.
Bxa6 h6 1/2-1/2

[Event "40th Annual World Open"]
[Site "Philadelphia USA"]
[Date "2012.07.08"]
[Round "9"]
[White "Iturrizaga, Eduardo"]
[Black "Arnold, Marc T"]
[Result "1/2-1/2"]
[WhiteTitle "GM"]
[BlackTitle "IM"]
[WhiteElo "2628"]
[BlackElo "2529"]
[WhiteFideId "3901211"]
[BlackFideId "2022320"]
[EventDate "2012.07.03"]
[EventType "swiss"]

1. d4 Nf6 2. c4 e6 3. Nf3 d5 4. Nc3 c6 5. Bg5 dxc4 6. a4 Bb4 7. e4 Qa5 8. Bd2 c5
9. Bxc4 cxd4 10. Nxd4 O-O 11. Qe2 Rd8 12. Nb3 Qc7 13. e5 Nd5 14. O-O Nc6 15. f4
Nxc3 16. bxc3 Bf8 17. a5 Bd7 18. Kh1 Ne7 19. Nd4 Nf5 20. Bd3 Bc5 21. Nb3 Bf8 22.
g4 Bc6+ 23. Kg1 Qd7 24. Bc4 Ne7 25. Nd4 Nd5 26. Nxc6 Qxc6 27. Rf3 Rac8 28. Bd3
Rc7 29. h4 a6 30. Kh2 Rcd7 31. Kg3 Ne7 32. Be1 Nd5 33. Be4 Qc7 34. Rb1 Qc8 35.
h5 Rc7 36. Rb3 f5 37. exf6 Nxf6 38. Kh3 Nxe4 39. Qxe4 Qd7 40. Bh4 Qd5 41. Qxd5
Rxd5 42. Bf2 Bc5 43. c4 Rdd7 44. Bg3 Rf7 45. f5 Rc6 46. Be5 Bf8 47. f6 Rxc4 48.
g5 gxf6 49. Bxf6 Rc5 50. Kg4 Rxa5 51. Rbe3 Ra4+ 52. Kh3 Bg7 53. Rxe6 h6 54. Re8+
Rf8 55. Rxf8+ Kxf8 56. g6 Bxf6 57. Rxf6+ Kg8 58. Rf7 Ra5 59. Kh4 Ra4+ 60. Kg3
Ra5 61. Kg4 Rg5+ 62. Kh4 Rb5 63. Rh7 a5 64. Rxh6 a4 65. Rh7 a3 66. Rc7 Ra5 67.
h6 Ra8 68. Rg7+ Kh8 69. Rh7+ Kg8 70. Rg7+ Kh8 1/2-1/2

[Event "40th Annual World Open"]
[Site "Philadelphia USA"]
[Date "2012.07.08"]
[Round "9"]
[White "Gupta, Abhijeet"]
[Black "Shankland, Samuel L"]
[Result "1/2-1/2"]
[WhiteTitle "GM"]
[BlackTitle "GM"]
[WhiteElo "2627"]
[BlackElo "2579"]
[WhiteFideId "5010608"]
[BlackFideId "2004887"]
[EventDate "2012.07.03"]
[EventType "swiss"]

1. d4 Nf6 2. c4 g6 3. Nc3 d5 4. Bg5 Bg7 5. e3 c5 6. Nf3 cxd4 7. Nxd4 Nc6 8. Ndb5
a6 9. cxd5 axb5 10. Bxb5 Nxd5 11. Nxd5 Be6 12. e4 Bxd5 13. Qxd5 O-O 14. O-O Bxb2
15. Rad1 Qxd5 16. exd5 Nd4 17. Bd3 Ba3 18. Rfe1 Rfd8 19. Bxe7 1/2-1/2

[Event "40th Annual World Open"]
[Site "Philadelphia USA"]
[Date "2012.07.08"]
[Round "9"]
[White "Bosiocic, Marin"]
[Black "Erenburg, Sergey"]
[Result "1/2-1/2"]
[WhiteTitle "GM"]
[BlackTitle "GM"]
[WhiteElo "2570"]
[BlackElo "2624"]
[WhiteFideId "14507927"]
[BlackFideId "2805642"]
[EventDate "2012.07.03"]
[EventType "swiss"]

1. d4 d5 2. c4 c6 3. Nf3 Nf6 4. Nc3 Bf5 5. e3 e6 6. Nh4 Bg6 7. g3 Nbd7 8. Be2
Be7 9. O-O O-O 10. Nxg6 hxg6 11. Qb3 Qc7 12. Bd2 Nb6 13. c5 Nbd7 14. Qc2 e5 15.
f4 exd4 16. exd4 Rfe8 17. Bd3 b6 18. b4 a5 19. a3 axb4 20. axb4 Nf8 21. Rae1
N6d7 22. Be3 Bf6 23. Bf2 Ne6 24. Ne2 Ra3 25. h4 Rea8 26. Rb1 Ra2 27. Qd1 R8a7
28. Rb3 R2a3 29. Bb1 Qb8 30. Rxa3 Rxa3 31. Be1 bxc5 32. dxc5 Ra1 33. Bd2 Nd4 34.
Nxd4 Bxd4+ 35. Kg2 Qb5 36. Re1 Nf6 37. Qf3 Qa6 38. f5 gxf5 39. Qxf5 Ne4 40. Bxe4
Rxe1 41. Bxe1 Qe2+ 42. Bf2 dxe4 43. Qc8+ Kh7 44. Qf5+ Kg8 45. Qc8+ Kh7 1/2-1/2

[Event "40th Annual World Open"]
[Site "Philadelphia USA"]
[Date "2012.07.08"]
[Round "9"]
[White "Lenderman, Aleksandr"]
[Black "Sethuraman, S.P."]
[Result "1-0"]
[WhiteTitle "GM"]
[BlackTitle "GM"]
[WhiteElo "2613"]
[BlackElo "2535"]
[WhiteFideId "2021285"]
[BlackFideId "5021596"]
[EventDate "2012.07.03"]
[EventType "swiss"]

1. c4 Nf6 2. Nc3 c5 3. Nf3 e6 4. e3 d5 5. cxd5 Nxd5 6. d4 Nc6 7. Bd3 Be7 8. O-O
O-O 9. Nxd5 Qxd5 10. a3 cxd4 11. exd4 Rd8 12. Qc2 Qh5 13. Be2 Qg6 14. Bd3 Qh5
15. Rd1 e5 16. d5 Nd4 17. Nxd4 exd4 18. Bf4 Rxd5 19. Qb3 Rd8 20. Re1 Be6 21.
Qxb7 Bf6 22. Bc7 Re8 23. Rac1 Bd5 24. Qb5 Rxe1+ 25. Rxe1 g6 26. Bg3 Rd8 27. Qa6
Kg7 28. Qxa7 Qg5 29. Qa5 h5 30. f3 h4 31. Bc7 Ra8 32. Qb5 Rc8 33. Ba5 Rc1 34.
Bf1 Rc2 35. Re2 Rxe2 36. Qxe2 Qc1 37. Qd2 Qb1 38. Kf2 d3 39. Bc3 Bc4 40. Bxf6+
Kxf6 41. g3 hxg3+ 42. hxg3 g5 43. a4 Kg6 44. g4 f5 45. gxf5+ Kxf5 46. Qc3 Qxf1+
47. Kxf1 d2+ 48. Qxc4 d1=Q+ 49. Kg2 Qd2+ 50. Kh3 Qxb2 51. Qf7+ 1-0

[Event "40th Annual World Open"]
[Site "Philadelphia USA"]
[Date "2012.07.08"]
[Round "9"]
[White "Jankovic, Alojzije"]
[Black "Kacheishvili, Giorgi"]
[Result "0-1"]
[WhiteTitle "GM"]
[BlackTitle "GM"]
[WhiteElo "2543"]
[BlackElo "2605"]
[WhiteFideId "14505959"]
[BlackFideId "13600613"]
[EventDate "2012.07.03"]
[EventType "swiss"]

1. d4 Nf6 2. Nf3 d5 3. c4 e6 4. Nc3 Bb4 5. cxd5 exd5 6. Bg5 h6 7. Bh4 Nbd7 8.
Qb3 c5 9. dxc5 Qa5 10. a3 Bxc3+ 11. bxc3 Qxc5 12. Qb4 b6 13. Nd4 Ba6 14. f3 O-O
15. Nf5 Rfe8 16. g4 Rac8 17. Nd6 Qe3 18. Nxe8 Rxe8 19. Ra2 Bc4 20. Rd2 a5 21.
Qb2 Ne5 22. Bg2 Nd3+ 23. Rxd3 Bxd3 24. Bf1 Qxf3 25. Rg1 Bc4 26. h3 Nd7 27. Bf2
Nc5 28. Bxc5 bxc5 29. g5 Qe3 30. Rg2 hxg5 31. Qd2 Qxd2+ 32. Kxd2 f6 0-1

[Event "40th Annual World Open"]
[Site "Philadelphia USA"]
[Date "2012.07.08"]
[Round "9"]
[White "Evdokimov, Alexander A."]
[Black "Gelashvili, Tamaz"]
[Result "1-0"]
[WhiteTitle "GM"]
[BlackTitle "GM"]
[WhiteElo "2544"]
[BlackElo "2604"]
[WhiteFideId "4139275"]
[BlackFideId "13600702"]
[EventDate "2012.07.03"]
[EventType "swiss"]

1. d4 Nf6 2. Nf3 e6 3. c4 Nc6 4. Nc3 Bb4 5. Qc2 d6 6. a3 Bxc3+ 7. Qxc3 a5 8. b3
O-O 9. Bb2 Re8 10. Rd1 Qe7 11. e3 e5 12. d5 Nb8 13. Be2 Bg4 14. O-O Nbd7 15. Qc2
c6 16. h3 Bh5 17. Nh4 Bxe2 18. Nf5 Qf8 19. Qxe2 cxd5 20. cxd5 g6 21. Ng3 Qe7 22.
e4 Nc5 23. Qe3 Rac8 24. Rd2 a4 25. b4 Nb3 26. Re2 Nd7 27. f4 exf4 28. Qxf4 Ne5
29. Qh6 Qf8 30. Qg5 Qe7 31. Qh6 Qf8 32. Qg5 Qe7 33. Rf6 h6 34. Qh4 Nc1 35. Re3
Qf8 36. Kh2 Rc2 37. Bxe5 dxe5 38. Nf5 h5 39. Rg3 Rc7 40. Qxh5 1-0

[Event "40th Annual World Open"]
[Site "Philadelphia USA"]
[Date "2012.07.08"]
[Round "9"]
[White "Mitkov, Nikola"]
[Black "Robson, Ray"]
[Result "0-1"]
[WhiteTitle "GM"]
[BlackTitle "GM"]
[WhiteElo "2527"]
[BlackElo "2601"]
[WhiteFideId "15000290"]
[BlackFideId "2023970"]
[EventDate "2012.07.03"]
[EventType "swiss"]

1. e4 e6 2. d4 d5 3. Nc3 Bb4 4. Ne2 dxe4 5. a3 Be7 6. Nxe4 Nf6 7. N2c3 O-O 8.
Be3 Nc6 9. Bb5 Nxe4 10. Nxe4 f5 11. Bxc6 bxc6 12. Nc3 f4 13. Bc1 Ba6 14. g3 c5
15. d5 Bb7 16. Bxf4 exd5 17. f3 g5 18. Bd2 d4 19. Ne4 g4 20. Bf4 Qd5 21. O-O
Rae8 22. Re1 gxf3 23. c4 Qc6 24. Kf2 Bd8 25. Nd2 Rxf4 26. Rxe8+ Qxe8 27. gxf4
Bh4+ 28. Kf1 Qe3 0-1

[Event "40th Annual World Open"]
[Site "Philadelphia USA"]
[Date "2012.07.08"]
[Round "9"]
[White "Molner, Mackenzie"]
[Black "Romanov, Evgeny"]
[Result "1-0"]
[WhiteTitle "IM"]
[BlackTitle "GM"]
[WhiteElo "2479"]
[BlackElo "2623"]
[WhiteFideId "2021722"]
[BlackFideId "4148843"]
[EventDate "2012.07.03"]
[EventType "swiss"]

1. e4 e5 2. Nf3 Nc6 3. Bc4 Bc5 4. b4 Bb6 5. a4 a6 6. Nc3 Nf6 7. O-O d6 8. Nd5
O-O 9. Nxb6 cxb6 10. d3 Nxb4 11. Rb1 Nc6 12. Be3 Bg4 13. Rxb6 Qd7 14. h3 Bh5 15.
Bd5 Nxd5 16. exd5 Ne7 17. Nxe5 dxe5 18. Qxh5 Nxd5 19. Rb3 Rac8 20. c4 Nxe3 21.
fxe3 Rfe8 22. Qf5 Qxf5 23. Rxf5 Re7 24. e4 Kf8 25. Kf2 Rc6 26. Ke3 Ke8 27. Rb2
Rc5 28. g4 h6 29. h4 Rc6 30. g5 h5 31. Rf1 Kd8 32. Rfb1 Kc8 33. Rb6 Rec7 34.
Rxc6 Rxc6 35. Rf1 Rc7 36. Kd2 Re7 37. Kc3 Kc7 38. c5 b6 39. Kc4 Kc6 40. cxb6
Kxb6 41. Kd5 Ka5 42. Kd6 Re6+ 43. Kd5 Re7 44. Kd6 Re6+ 45. Kd7 Kxa4 46. Rxf7 Rb6
47. Kc7 Rb3 48. Rxg7 Rxd3 49. Rh7 Kb4 50. Rxh5 Rg3 51. Kd6 a5 52. Kxe5 a4 53.
Rh8 1-0

[Event "40th Annual World Open"]
[Site "Philadelphia USA"]
[Date "2012.07.08"]
[Round "9"]
[White "Kekelidze, Mikheil"]
[Black "Liu, Qingnan"]
[Result "1-0"]
[WhiteTitle "GM"]
[BlackTitle "IM"]
[WhiteElo "2494"]
[BlackElo "2509"]
[WhiteFideId "13600818"]
[BlackFideId "8603294"]
[EventDate "2012.07.03"]
[EventType "swiss"]

1. c4 d6 2. g3 g6 3. d4 Bg7 4. Nc3 Nf6 5. Bg2 O-O 6. Nf3 Nc6 7. O-O a6 8. Bf4
Nh5 9. Be3 Rb8 10. Rc1 Bd7 11. c5 e5 12. cxd6 cxd6 13. dxe5 dxe5 14. Ne4 Be6 15.
Nc5 Bd5 16. Qa4 Qe7 17. Rfd1 Rfd8 18. Bg5 f6 19. e4 Bf7 20. Be3 f5 21. exf5 gxf5
22. Ng5 f4 23. Nxf7 Qxf7 24. Nxb7 Qxb7 25. Bxc6 Qxb2 26. Ba7 Rbc8 27. g4 Nf6 28.
g5 Ne8 29. Bd5+ Kf8 30. Rxc8 Rxc8 31. Qd7 1-0

[Event "40th Annual World Open"]
[Site "Philadelphia USA"]
[Date "2012.07.08"]
[Round "9"]
[White "Friedel, Joshua E"]
[Black "Romanenko, Vladimir"]
[Result "1/2-1/2"]
[WhiteTitle "GM"]
[BlackTitle "GM"]
[WhiteElo "2503"]
[BlackElo "2463"]
[WhiteFideId "2017199"]
[BlackFideId "13502921"]
[EventDate "2012.07.03"]
[EventType "swiss"]

1. e4 c5 2. Nf3 Nc6 3. d4 cxd4 4. Nxd4 Nf6 5. Nc3 d6 6. Bg5 e6 7. Qd2 a6 8.
O-O-O Bd7 9. f4 b5 10. Bxf6 gxf6 11. Nxc6 Bxc6 12. Qe1 Be7 13. Bd3 Rg8 14. f5
Qa5 15. fxe6 fxe6 16. Kb1 h5 17. Qe3 b4 18. Ne2 Qc5 19. Qf3 Qe5 20. Rhe1 Rg4 21.
Qf2 Qc5 22. Qf1 a5 23. Nf4 Qe5 24. g3 a4 25. Bc4 Bd7 26. Nd3 Qa5 27. Nf4 Qe5 28.
Nd3 Qa5 29. Nf4 Qe5 1/2-1/2

[Event "40th Annual World Open"]
[Site "Philadelphia USA"]
[Date "2012.07.08"]
[Round "9"]
[White "Bryant, John Daniel"]
[Black "Venkatesh, M.R."]
[Result "1-0"]
[WhiteTitle "FM"]
[BlackTitle "IM"]
[WhiteElo "2377"]
[BlackElo "2506"]
[WhiteFideId "2031280"]
[BlackFideId "5005779"]
[EventDate "2012.07.03"]
[EventType "swiss"]

1. e4 c5 2. c3 d6 3. d4 Nf6 4. Bd3 Qc7 5. h3 Nc6 6. d5 Ne5 7. Bc2 b6 8. f4 Ned7
9. Nf3 Ba6 10. Kf2 c4 11. Re1 Nc5 12. e5 dxe5 13. fxe5 Nxd5 14. b4 cxb3 15. axb3
Bb7 16. b4 Nd7 17. e6 fxe6 18. Ng5 N7f6 19. Ba4+ Bc6 20. c4 Nxb4 21. Nc3 Qd6 22.
Nb5 Nd3+ 23. Kg1 Qg3 24. Nc7+ Qxc7 25. Nxe6 Qd7 26. Bxc6 Qxc6 27. Qxd3 Nd7 28.
Ba3 1-0

[Event "40th Annual World Open"]
[Site "Philadelphia USA"]
[Date "2012.07.08"]
[Round "9"]
[White "Shyam, Nikil P."]
[Black "Shahade, Gregory"]
[Result "1/2-1/2"]
[WhiteTitle "IM"]
[BlackTitle "IM"]
[WhiteElo "2502"]
[BlackElo "2462"]
[WhiteFideId "5024218"]
[BlackFideId "2009064"]
[EventDate "2012.07.03"]
[EventType "swiss"]

1. e4 c5 2. Nf3 d6 3. d4 cxd4 4. Nxd4 Nf6 5. Nc3 a6 6. Be2 e5 7. Nb3 Be7 8. O-O
O-O 9. Kh1 Nc6 10. a4 Be6 11. Bf3 Na5 12. Nxa5 Qxa5 13. Bd2 Qc7 14. a5 b6 15.
axb6 Qxb6 16. b3 Rfc8 17. Ra2 Bd7 18. Qe2 Bc6 19. Rfa1 Bb7 20. Na4 Qc7 21. c4 h6
22. Qe3 Rf8 23. Nb6 Rab8 24. Ba5 Qc5 25. Qe2 Qc6 26. b4 Bd8 27. Nd5 Qd7 28.
Nxf6+ Bxf6 29. Rd1 Qc6 30. b5 Qc5 31. Rb2 Be7 32. h3 Rbc8 33. Bg4 Ra8 34. Bd7
axb5 35. Rxb5 Qa7 36. Bb6 Qa4 37. c5 dxc5 38. Bxc5 Bxc5 39. Rxb7 Qa6 40. Qxa6 1/2-1/2

[Event "40th Annual World Open"]
[Site "Philadelphia USA"]
[Date "2012.07.08"]
[Round "9"]
[White "Hungaski, Robert Andrew"]
[Black "Norowitz, Yaacov"]
[Result "1/2-1/2"]
[WhiteTitle "IM"]
[WhiteElo "2488"]
[BlackElo "2388"]
[WhiteFideId "2021030"]
[BlackFideId "2024799"]
[EventDate "2012.07.03"]
[EventType "swiss"]

1. Nf3 Nf6 2. c4 e6 3. g3 b6 4. Bg2 Bb7 5. O-O c5 6. Nc3 Be7 7. d4 Ne4 8. Nxe4
Bxe4 9. Be3 O-O 10. Qa4 Nc6 11. Rfd1 Bf6 12. d5 exd5 13. cxd5 Nb4 14. Ne1 Bxg2
15. Nxg2 Bxb2 16. Rab1 Bf6 17. a3 Na2 18. Bd2 Nc3 19. Bxc3 Bxc3 20. Ne3 Re8 21.
Qc2 Rxe3 22. fxe3 Be5 23. d6 Qg5 24. Qe4 Re8 25. Rf1 h5 26. Rbd1 f6 27. Rf3 Qg4
28. Qd5+ Kh8 29. Rc1 Qe6 30. Qb7 Qxd6 31. Qxa7 g6 32. Rb1 Rb8 33. Rff1 Qc6 34.
Rfd1 Bc7 35. Qa6 c4 36. Qb5 c3 37. Qxc6 dxc6 38. Rdc1 Be5 39. Rb3 Kg7 40. Rcb1
b5 41. Kf2 Ra8 42. e4 Kf7 43. Ke3 Ke6 44. Rc1 g5 45. Rbxc3 Bxc3 46. Rxc3 Kd6 47.
h4 Ra4 48. Kf3 c5 49. Rd3+ Ke6 50. hxg5 fxg5 51. e3 Rc4 52. Rd5 g4+ 53. Kf4 Rc3
54. Rxh5 Kd6 55. e5+ Kd5 56. e4+ Kc4 57. e6 Rxa3 58. e7 Ra8 59. Ke5 b4 60. Kd6
Ra6+ 61. Ke5 Ra8 62. Rf5 Re8 63. Kd6 Kd4 64. Rxc5 Kxe4 65. Rb5 Kf3 66. Kd7 Rxe7+
67. Kxe7 Kxg3 68. Kf6 Kf2 69. Rxb4 g3 70. Kf5 g2 71. Rb2+ Kf3 72. Rb3+ Kf2 73.
Rb1 g1=Q 74. Rxg1 Kxg1 1/2-1/2

[Event "40th Annual World Open"]
[Site "Philadelphia USA"]
[Date "2012.07.08"]
[Round "9"]
[White "Bercys, Salvijus"]
[Black "King, Alexander B"]
[Result "1-0"]
[WhiteTitle "IM"]
[WhiteElo "2429"]
[BlackElo "2237"]
[WhiteFideId "12802212"]
[BlackFideId "2063620"]
[EventDate "2012.07.03"]
[EventType "swiss"]

1. d4 Nf6 2. c4 e6 3. Nc3 d5 4. cxd5 exd5 5. Bg5 Be7 6. e3 O-O 7. Bd3 Nbd7 8.
Nge2 Re8 9. O-O c6 10. Qc2 Nf8 11. Rab1 a5 12. a3 b5 13. f3 Nh5 14. Bxe7 Rxe7
15. Qd2 f5 16. b4 Qe8 17. Kf2 axb4 18. axb4 g6 19. Ra1 Rea7 20. Rxa7 Rxa7 21.
Na2 Qe7 22. Rb1 Nd7 23. Nac1 Nb6 24. Nb3 Bd7 25. Nc5 Be8 26. h3 Ng7 27. Qc1 Na4
28. Nxa4 Rxa4 29. Bc2 Ra6 30. Nf4 Ne6 31. Nd3 Kg7 32. Ra1 Qa7 33. Rxa6 Qxa6 34.
Qb2 Qa7 35. g3 Qb6 36. Qc3 Kf6 37. Ne5 Ke7 38. f4 Bd7 39. g4 Ng7 40. Kf3 Ke6 41.
Qa1 Bc8 42. gxf5+ Nxf5 43. Bxf5+ Kxf5 44. Qg1 Qb7 45. Qg5+ Ke6 46. f5+ gxf5 47.
Qh6+ 1-0

[Event "40th Annual World Open"]
[Site "Philadelphia USA"]
[Date "2012.07.08"]
[Round "9"]
[White "Fikiet, Alex M"]
[Black "Tania, Sachdev"]
[Result "1-0"]
[BlackTitle "IM"]
[WhiteElo "2243"]
[BlackElo "2394"]
[WhiteFideId "2052717"]
[BlackFideId "5007844"]
[EventDate "2012.07.03"]
[EventType "swiss"]

1. d4 Nf6 2. c4 e6 3. Nf3 b6 4. g3 Bb4+ 5. Bd2 c5 6. Bxb4 cxb4 7. Bg2 Bb7 8. O-O
O-O 9. Nbd2 d6 10. Qc2 Qc7 11. Rfc1 a5 12. e4 e5 13. c5 bxc5 14. dxe5 dxe5 15.
Qxc5 Qxc5 16. Rxc5 Nbd7 17. Rc7 Rab8 18. Rac1 Rfd8 19. Nc4 Bxe4 20. Nfxe5 Rbc8
21. Rxc8 Rxc8 22. Nxd7 1-0

[Event "40th Annual World Open"]
[Site "Philadelphia USA"]
[Date "2012.07.08"]
[Round "9"]
[White "Thaler, Michael"]
[Black "Kleinman, Michael"]
[Result "0-1"]
[BlackTitle "FM"]
[WhiteElo "2243"]
[BlackElo "2293"]
[WhiteFideId "2022141"]
[BlackFideId "2609479"]
[EventDate "2012.07.03"]
[EventType "swiss"]

1. e4 c5 2. Nf3 e6 3. d4 cxd4 4. Nxd4 Nc6 5. Nb5 d6 6. c4 a6 7. N5c3 Nf6 8. Be3
b6 9. Nd2 Be7 10. Be2 O-O 11. O-O Qc7 12. Rc1 Nb8 13. b4 Re8 14. Nb3 Bb7 15. f3
Nbd7 16. Qd4 Rac8 17. Rfd1 Qb8 18. Bf2 d5 19. cxd5 Bd6 20. dxe6 Bxh2+ 21. Kf1
Rxe6 22. Nd5 Rxc1 23. Rxc1 Nxd5 24. exd5 Rh6 25. g4 Be5 26. Qc4 Bb2 27. Qc7 Bxc1
28. Qxb8+ Nxb8 29. Nxc1 Bxd5 30. Be3 Rc6 31. Kf2 Bc4 32. Nd3 Nd7 33. a4 Rd6 34.
Nb2 Bxe2 35. Kxe2 Rc6 36. Bd4 b5 37. a5 f6 38. Kd3 Kf7 39. Ke4 Ke6 40. Nd3 g6
41. Bc5 Rc8 42. Kd4 Nxc5 43. Nxc5+ Rxc5 44. Kxc5 h5 45. gxh5 gxh5 46. Kb6 h4 47.
Kxa6 h3 48. Kxb5 h2 49. a6 h1=Q 50. Kb6 Qxf3 51. b5 Kd7 52. Ka7 Kc8 0-1

[Event "40th Annual World Open Playoff"]
[Site "Philadelphia USA"]
[Date "2012.07.08"]
[Round "1.1"]
[White "Sokolov, Ivan"]
[Black "Shabalov, Alexander"]
[Result "1-0"]
[WhiteTitle "GM"]
[BlackTitle "GM"]
[WhiteElo "2676"]
[BlackElo "2534"]
[WhiteFideId "14400030"]
[BlackFideId "2008572"]
[EventDate "2012.07.03"]
[EventType "swiss"]

1. d4 Nf6 2. c4 c5 3. d5 e6 4. Nc3 exd5 5. cxd5 d6 6. Nf3 g6 7. h3 Bg7 8. Bf4
O-O 9. e3 Re8 10. Nd2 Nh5 11. Bh2 f5 12. Be2 f4 13. O-O fxe3 14. fxe3 Qg5 15.
Bxh5 Qxe3+ 16. Kh1 gxh5 17. Nc4 Qh6 18. Nxd6 Rd8 19. Nf7 1-0